Normal view
MARC view
- Roads
Entry Topical Term
001 - CONTROL NUMBER
- control field: 20778
003 - CONTROL NUMBER IDENTIFIER
- control field: NUST
005 - DATE AND TIME OF LATEST TRANSACTION
- control field: 20190917062550.0
008 - FIXED-LENGTH DATA ELEMENTS
- fixed length control field: 190917|| aca||aabn | a|a d
040 ## - CATALOGING SOURCE
- Original cataloging agency: NUST
- Transcribing agency: NUST
150 ## - HEADING--TOPICAL TERM
- Topical term or geographic name entry element: Roads
- Geographic subdivision: Developing countries
- General subdivision: Design and construction.
670 ## - SOURCE DATA FOUND
- Source citation: Work cat.: (NUST)0: National Research Council (U.S.). Transportation Research Board. 19676, Structural design of low-volume roads /, 1982.
